Statistics for Kai Quiz

Click here to take the quiz!

General Stats

  • This quiz has been taken 15 times
  • The average score is 7 of 11

Answer Stats

HintAnswer% Correct
Who is Kai becoming?Ryan Gosling
100%
Derive f(x) = x^32x
89%
Kai's ___ is KingpinDad
89%
Who is Jaji?BubblyCascade
78%
Who is never at school?Anna
67%
What is Kai's song?I'm just Kai...
67%
What does kai have?The urge (hehe)
67%
Kai es un cheval.False
44%
What is Kai?Krazy
44%
Kai's Sister is...Molly
44%
Kai est BeauTrue
33%

Score Distribution

Percentile by Number Answered

Percent of People with Each Score

Your Score History

You have not taken this quiz